000 00702nas a2200241 4500
001 BR9900992
003 BR-BrBNA
005 20231205101254.0
007 ta
008 230509b bl.|||p| |||| 00| 00por d
040 _aBR-BrBNA
_bpor
_cBiblioteca Nacional de Agricultura
041 _a(Pt)
072 _aK10
100 1 _aCorseuil, C.W.
100 1 _aMadruga, P.R. de A.
245 1 _aModelagem numerica em mapa tematico-sitios florestais
650 _aFloresta
650 _aMapa
650 _aPlanejamento Florestal
773 0 _tCiencia Rural (Brazil)
_xISSN 0103-8478
_g(Oct-Dec 1998), v. 28(4) p. 691-694
_wBR9900992
909 _a202311
_bLúcia
_c55
_dLúcia Elande
942 _2AGRIS
_n0
_cANA
999 _c160823
_d160823